Digitálna konkurencieschopnosť členských štátov EÚ a jej meranie diplomová práca

Uložené v:
Podrobná bibliografia
Hlavný autor: Dodoková, Vanda
Korporativný autor: Obchodná fakulta EU. Katedra medzinárodného obchodu
Ďalší autori: Krajčík, Daniel, 1981-
Médium: Kniha
Jazyk:Slovak
Vydavateľské údaje: Bratislava 2022
Tagy: Pridať tag
Žiadne tagy, Buďte prvý, kto otaguje tento záznam!

MARC

LEADER 00000nbm a2200000 4500
001 0284247
005 20221202103554.8
041 0 |a slo 
044 |a SK 
245 1 0 |a Digitálna konkurencieschopnosť členských štátov EÚ a jej meranie  |b diplomová práca  |c Vanda Dodoková ; školiteľ: Daniel Krajčík 
264 1 |a Bratislava  |c 2022 
300 |a 81 s. 
100 1 |a Dodoková, Vanda 
700 1 |a Krajčík, Daniel, 1981- 
710 2 |a Obchodná fakulta EU. Katedra medzinárodného obchodu